El 'Ciero' no va arribar al segle / Jordi Montaner
Descripción Física:
98 p. . il. ; 24 cm
Colección:
Vaixells de paper ; 4
Materias:
El Noticiero Universal -- Història
MARC
| LEADER | 00000nam a2200000Ia 4500 | ||
|---|---|---|---|
| 001 | 8780 | ||
| 008 | 160829s1989 xx 000 0 cat d | ||
| 080 | |a O-1-26 | ||
| 100 | |a Montaner, Jordi |9 35192 | ||
| 245 | |a El 'Ciero' no va arribar al segle / Jordi Montaner | ||
| 260 | |a Barcelona : |b Diputació de Barcelona : |b Col·legi de Periodistes de Catalunya, |c 1989 | ||
| 300 | |a 98 p. . il. ; |c 24 cm | ||
| 490 | |a Vaixells de paper ; 4 | ||
| 650 | |a El Noticiero Universal |x Història |9 35193 | ||
| 710 | 2 | |a Col·legi de Periodistes de Catalunya |9 52967 | |
| 710 | 1 | |a Barcelona (Catalunya : Província). |b Diputació |9 52408 | |
| 901 | |a Arxiu | ||
| 942 | |n 1 | ||
| 952 | |0 0 |1 0 |4 0 |6 O126 |7 1 |9 46805 |a Arxiu |b Arxiu |d 2016-12-01 |l 0 |o O-1-26 |p 8780 |r 2016-12-01 00:00:00 |w 2016-12-01 |y ARXIU | ||
| 999 | |c 50598 |d 50598 | ||